[Event "Eastern Ontario op"]
[Site "Ottawa CAN"]
[Date "2017.06.23"]
[Round "1"]
[White "Simic, Dusan"]
[Black "Fei, David"]
[Result "0-1"]
[WhiteElo "2133"]
[BlackElo "1950"]
[WhiteFideId "-1"]
[WhiteFideId "-1"]
[PlyCount "124"]
[GameId "2160767908410939"]
[EventDate "2017.06.23"]
[EventType "swiss"]
[EventRounds "5"]
[EventCountry "CAN"]
[SourceTitle "EXT 2022"]
[Source "ChessBase"]
[SourceDate "2021.10.06"]
[SourceVersion "1"]
[SourceVersionDate "2021.10.06"]
[SourceQuality "1"]

1. d4 d5 2. Bf4 Nf6 3. e3 e6 4. Nf3 c5 5. c3 Bd6 6. Ne5 O-O 7. Nd2 b6 8. Bg3 Bb7 9. Bd3 Nc6 10. f4 Ne7 11. Qe2 Ne4 12. Bxe4 dxe4 13. O-O Nf5 14. Bf2 f6 15. Nec4 cxd4 16. cxd4 Bd5 17. Rfc1 Qd7 18. Nxd6 Nxd6 19. b3 Rac8 20. Be1 Rc7 21. Rxc7 Qxc7 22. Nf1 Rc8 23. Bb4 Nf5 24. Bd2 Qe7 25. Rc1 Rxc1 26. Bxc1 Qc7 27. Bd2 a5 28. Qd1 b5 29. Qe1 a4 30. bxa4 bxa4 31. a3 Qc2 32. Qc1 Qxc1 33. Bxc1 Nd6 34. Bd2 Nb5 35. Bb4 Bc4 36. Nd2 Bd3 37. Kf2 Kf7 38. g4 Nc7 39. Nf1 Nd5 40. Bd2 Ke7 41. Ng3 g6 42. h4 f5 43. g5 Kd6 44. h5 Kc6 45. Ke1 Kb5 46. Bc1 Kc4 47. Kd2 Kb3 48. h6 Nc3 49. Nh5 Nb1+ 50. Kd1 Nxa3 51. Nf6 Bc2+ 52. Ke1 Nc4 53. Nxh7 Nb2 54. Nf6 a3 55. h7 a2 56. h8=Q Nd3+ 57. Kd2 a1=Q 58. Qb8+ Nb4 59. Qc7 Bd3 60. Ke1 Qa2 61. Bd2 Bc4 62. Qc5 Nd3+ 0-1

[Event "Eastern Ontario op"]
[Site "Ottawa CAN"]
[Date "2017.06.23"]
[Round "1"]
[White "Yang, Fan"]
[Black "Pacey, Kevin"]
[Result "1/2-1/2"]
[WhiteElo "1966"]
[BlackElo "2161"]
[WhiteFideId "-1"]
[WhiteFideId "-1"]
[PlyCount "117"]
[GameId "2160767908410940"]
[EventDate "2017.06.23"]
[EventType "swiss"]
[EventRounds "5"]
[EventCountry "CAN"]
[SourceTitle "EXT 2022"]
[Source "ChessBase"]
[SourceDate "2021.10.06"]
[SourceVersion "1"]
[SourceVersionDate "2021.10.06"]
[SourceQuality "1"]

1. e4 c6 2. d4 d5 3. exd5 cxd5 4. Nf3 Nf6 5. Bd3 g6 6. c3 Bg7 7. Bf4 Nc6 8. Nbd2 O-O 9. O-O Bf5 10. Qc2 Bxd3 11. Qxd3 Nh5 12. Qe3 Nxf4 13. Qxf4 Qb8 14. Qxb8 Raxb8 15. Rfe1 e6 16. Nb3 Rfd8 17. Nc5 b6 18. Nd3 Na5 19. Nfe5 f6 20. Nf3 Kf7 21. Re2 Re8 22. Rae1 Bh6 23. h4 Nc4 24. g4 Rb7 25. Kg2 Bg7 26. g5 Nd6 27. gxf6 Bxf6 28. Nfe5+ Kg7 29. h5 Nf5 30. hxg6 hxg6 31. Nf4 Nh4+ 32. Kg3 Rbe7 33. Nc6 Nf5+ 34. Kg4 Nh6+ 35. Kf3 Rf7 36. Rxe6 Ref8 37. Rg1 Kh7 38. Rxg6 Bg7 39. Ne5 Rxf4+ 40. Ke3 R4f6 41. Rgxf6 Rxf6 42. Rxf6 Bxf6 43. f4 Kg7 44. b3 Bh4 45. Nc6 a5 46. a4 Nf5+ 47. Kd3 Bg3 48. b4 Bxf4 49. bxa5 bxa5 50. Nxa5 Kf6 51. Nc6 Ke6 52. a5 Kd6 53. Nb4 Ne7 54. c4 dxc4+ 55. Kxc4 Nc6 56. a6 Nxb4 57. Kxb4 Kc6 58. d5+ Kb6 59. Kc4 1/2-1/2

[Event "Eastern Ontario op"]
[Site "Ottawa CAN"]
[Date "2017.06.24"]
[Round "2"]
[White "Fei, David"]
[Black "Gordon, David"]
[Result "0-1"]
[WhiteElo "1950"]
[BlackElo "2315"]
[WhiteFideId "-1"]
[WhiteFideId "-1"]
[PlyCount "84"]
[GameId "2160767908410941"]
[EventDate "2017.06.23"]
[EventType "swiss"]
[EventRounds "5"]
[EventCountry "CAN"]
[SourceTitle "EXT 2022"]
[Source "ChessBase"]
[SourceDate "2021.10.06"]
[SourceVersion "1"]
[SourceVersionDate "2021.10.06"]
[SourceQuality "1"]

1. e4 c5 2. Nf3 Nc6 3. d4 cxd4 4. Nxd4 e5 5. Nb5 d6 6. N1c3 a6 7. Na3 Be7 8. Nd5 Nf6 9. Nxf6+ Bxf6 10. Nc4 O-O 11. c3 Be7 12. g4 Be6 13. Ne3 Bg5 14. Nd5 Bxc1 15. Rxc1 Ne7 16. Bc4 Bxd5 17. Bxd5 Nxd5 18. Qxd5 Qg5 19. O-O Qxg4+ 20. Kh1 Qf3+ 21. Kg1 Rae8 22. Rfd1 Re6 23. Kf1 Rf6 24. Rc2 Qh3+ 25. Ke1 Qxh2 26. Re2 b5 27. Qd3 Re8 28. Qe3 Ree6 29. Qa7 h5 30. Kd2 Kh7 31. Kc2 Rf3 32. Rdd2 Ref6 33. Qxa6 h4 34. Qxb5 h3 35. a4 Qg2 36. a5 h2 37. a6 h1=Q 38. a7 Qa1 39. Qd7 Rxf2 40. Rxf2 Rxf2 41. Rxf2 Qxf2+ 42. Kd3 Qaf1# 0-1

[Event "Eastern Ontario op"]
[Site "Ottawa CAN"]
[Date "2017.06.24"]
[Round "2"]
[White "Pacey, Kevin"]
[Black "Doubleday, William"]
[Result "1-0"]
[WhiteElo "2161"]
[BlackElo "2028"]
[WhiteFideId "-1"]
[WhiteFideId "-1"]
[PlyCount "69"]
[GameId "2160767908410942"]
[EventDate "2017.06.23"]
[EventType "swiss"]
[EventRounds "5"]
[EventCountry "CAN"]
[SourceTitle "EXT 2022"]
[Source "ChessBase"]
[SourceDate "2021.10.06"]
[SourceVersion "1"]
[SourceVersionDate "2021.10.06"]
[SourceQuality "1"]

1. d4 d5 2. Nf3 Nf6 3. c4 c6 4. Nc3 e6 5. Bg5 h6 6. Bxf6 Qxf6 7. e3 Bd6 8. Be2 Nd7 9. O-O O-O 10. e4 dxe4 11. Nxe4 Qe7 12. Nxd6 Qxd6 13. Re1 b6 14. Rc1 Bb7 15. c5 Qc7 16. b4 a5 17. b5 bxc5 18. dxc5 Rfd8 19. b6 Qf4 20. Rc4 Qb8 21. Qc1 Nf6 22. Ra4 Rd5 23. Nd4 Qf8 24. Nb3 Nd7 25. Rxa5 Rxa5 26. Nxa5 Rxc5 27. Qd2 Rd5 28. Qc3 Qa8 29. Nxb7 Qxb7 30. Rb1 Re5 31. Bf3 Rc5 32. Qa3 Re5 33. h3 Nxb6 34. Qd6 Nc4 35. Qd8+ 1-0

[Event "Eastern Ontario op"]
[Site "Ottawa CAN"]
[Date "2017.06.24"]
[Round "2"]
[White "Valdizon, Armando"]
[Black "Demchenko, Svitlana"]
[Result "1-0"]
[WhiteElo "2102"]
[BlackElo "2219"]
[WhiteFideId "-1"]
[WhiteFideId "-1"]
[PlyCount "89"]
[GameId "2160767908410943"]
[EventDate "2017.06.23"]
[EventType "swiss"]
[EventRounds "5"]
[EventCountry "CAN"]
[SourceTitle "EXT 2022"]
[Source "ChessBase"]
[SourceDate "2021.10.06"]
[SourceVersion "1"]
[SourceVersionDate "2021.10.06"]
[SourceQuality "1"]

1. d4 Nf6 2. c4 g6 3. Nc3 Bg7 4. e4 d6 5. Bd3 O-O 6. Nge2 e5 7. d5 Nbd7 8. Ng3 Nc5 9. Bc2 a5 10. h4 b6 11. h5 Bg4 12. f3 Bxh5 13. Nf1 g5 14. Bxg5 Bg6 15. Qd2 Qd7 16. g4 h5 17. gxh5 Nxh5 18. O-O-O f6 19. Be3 Kf7 20. Nh2 Rh8 21. Ng4 Rag8 22. Rdg1 Qe8 23. Nb5 Qd7 24. Nc3 Qe8 25. Rh2 Bf8 26. Rhg2 Ke7 27. a3 Nd7 28. Nb5 Kd8 29. Na7 Qf7 30. Nc6+ Kc8 31. b4 f5 32. exf5 Bxf5 33. bxa5 Bxc2 34. a6 Bg7 35. Qxc2 Nf4 36. Rd2 Bf6 37. Qa4 Nc5 38. Bxc5 dxc5 39. Na7+ Kd8 40. d6 Bg5 41. Nc6+ Kc8 42. d7+ Qxd7 43. Rxd7 Kxd7 44. Ncxe5+ Kc8 45. Qd7+ 1-0

[Event "Eastern Ontario op"]
[Site "Ottawa CAN"]
[Date "2017.06.24"]
[Round "2"]
[White "Yao, Sammy"]
[Black "Sadeghi, Saeid"]
[Result "1/2-1/2"]
[WhiteElo "2083"]
[BlackElo "2098"]
[WhiteFideId "-1"]
[WhiteFideId "-1"]
[PlyCount "50"]
[GameId "2160767908410944"]
[EventDate "2017.06.23"]
[EventType "swiss"]
[EventRounds "5"]
[EventCountry "CAN"]
[SourceTitle "EXT 2022"]
[Source "ChessBase"]
[SourceDate "2021.10.06"]
[SourceVersion "1"]
[SourceVersionDate "2021.10.06"]
[SourceQuality "1"]

1. c4 Nf6 2. g3 c6 3. Bg2 d5 4. Nf3 e6 5. O-O Be7 6. d4 Nbd7 7. Nc3 O-O 8. Nd2 dxc4 9. Nxc4 Nb6 10. Ne5 Nfd7 11. Nxd7 Nxd7 12. e4 Nf6 13. e5 Nd5 14. Qg4 f5 15. Qe2 b6 16. Nxd5 cxd5 17. Bd2 a5 18. Rfc1 Ba6 19. Qe3 Qd7 20. Rc3 Rfc8 21. Rac1 Rxc3 22. Rxc3 Rc8 23. Rxc8+ Qxc8 24. Qc3 Qxc3 25. Bxc3 Kf7 1/2-1/2

[Event "Eastern Ontario op"]
[Site "Ottawa CAN"]
[Date "2017.06.24"]
[Round "3"]
[White "Demchenko, Svitlana"]
[Black "Peterson, Curtis"]
[Result "0-1"]
[WhiteElo "2219"]
[BlackElo "1975"]
[WhiteFideId "-1"]
[WhiteFideId "-1"]
[PlyCount "88"]
[GameId "2160767908410945"]
[EventDate "2017.06.23"]
[EventType "swiss"]
[EventRounds "5"]
[EventCountry "CAN"]
[SourceTitle "EXT 2022"]
[Source "ChessBase"]
[SourceDate "2021.10.06"]
[SourceVersion "1"]
[SourceVersionDate "2021.10.06"]
[SourceQuality "1"]

1. e4 g6 2. d4 Bg7 3. c4 Nc6 4. Nf3 e5 5. Bg5 Nge7 6. d5 Nd4 7. Nc3 h6 8. Bh4 d6 9. Nxd4 exd4 10. Nb5 c6 11. Na3 f5 12. f3 fxe4 13. fxe4 O-O 14. Bd3 g5 15. Bg3 Ng6 16. Qd2 Bg4 17. Bf2 Be5 18. O-O Nf4 19. Nc2 Qf6 20. Bg3 h5 21. Bxf4 Bxf4 22. Qb4 Qe5 23. h3 Bh2+ 24. Kh1 Qg3 25. hxg4 Qh4 26. Rf5 Bf4+ 27. Kg1 Qh2+ 28. Kf1 Qh1+ 29. Ke2 Qxg2+ 30. Kd1 Qf3+ 31. Be2 Qxe4 32. Qb3 hxg4 33. Rxf8+ Rxf8 34. Qd3 Qh1+ 35. Ne1 g3 36. Bf3 Qh2 37. Qe2 Be3 38. Qxh2 gxh2 39. Ke2 g4 40. Bh1 Rf2+ 41. Kd3 Rf1 42. Nc2 Bc1 43. Bg2 Rd1+ 44. Ke4 Rg1 0-1

[Event "Eastern Ontario op"]
[Site "Ottawa CAN"]
[Date "2017.06.24"]
[Round "3"]
[White "Mahdjoubi, Abdelaziz"]
[Black "Xu, Daniel"]
[Result "1-0"]
[WhiteElo "1950"]
[BlackElo "1764"]
[WhiteFideId "-1"]
[WhiteFideId "-1"]
[PlyCount "67"]
[GameId "2160767908410947"]
[EventDate "2017.06.23"]
[EventType "swiss"]
[EventRounds "5"]
[EventCountry "CAN"]
[SourceTitle "EXT 2022"]
[Source "ChessBase"]
[SourceDate "2021.10.06"]
[SourceVersion "1"]
[SourceVersionDate "2021.10.06"]
[SourceQuality "1"]

1. e4 e5 2. Nf3 Nc6 3. Bb5 a6 4. Ba4 Nf6 5. O-O Be7 6. c3 O-O 7. Re1 d6 8. d3 Bg4 9. Nbd2 b5 10. Bb3 Na5 11. Bc2 c5 12. Nf1 Qc7 13. Ng3 g6 14. h3 Bd7 15. Bh6 Rfe8 16. Qd2 Bf8 17. Nh4 Qd8 18. Bxf8 Rxf8 19. Qh6 Kh8 20. Nf3 Ng8 21. Qd2 Qf6 22. d4 exd4 23. cxd4 Nc4 24. Qc3 Rfe8 25. Rad1 Be6 26. e5 cxd4 27. Qxc4 Qxf3 28. Qxd4 dxe5 29. Rxe5 Qf6 30. Ne4 Qg7 31. Nd6 Red8 32. Rxe6 Qxd4 33. Rxd4 fxe6 34. Nf7+ 1-0

[Event "Eastern Ontario op"]
[Site "Ottawa CAN"]
[Date "2017.06.24"]
[Round "3"]
[White "Pacey, Kevin"]
[Black "Desjardins, Michel"]
[Result "1-0"]
[WhiteElo "2161"]
[BlackElo "1922"]
[WhiteFideId "-1"]
[WhiteFideId "-1"]
[PlyCount "59"]
[GameId "2160767908410948"]
[EventDate "2017.06.23"]
[EventType "swiss"]
[EventRounds "5"]
[EventCountry "CAN"]
[SourceTitle "EXT 2022"]
[Source "ChessBase"]
[SourceDate "2021.10.06"]
[SourceVersion "1"]
[SourceVersionDate "2021.10.06"]
[SourceQuality "1"]

1. e4 d5 2. exd5 Qxd5 3. Nf3 Bg4 4. Be2 Nc6 5. d4 O-O-O 6. c4 Qa5+ 7. Bd2 Qa6 8. c5 Bxf3 9. gxf3 b5 10. d5 Nd4 11. Nc3 Qb7 12. c6 Qb6 13. Be3 e5 14. Bxb5 Nf6 15. a4 Bb4 16. O-O a5 17. f4 Nxd5 18. Nxd5 Rxd5 19. fxe5 Bc5 20. Rc1 Rhd8 21. Qg4+ Ne6 22. Rxc5 Rxc5 23. b4 axb4 24. Qxb4 Rdd5 25. Rb1 Kd8 26. Bxc5 Nxc5 27. Qh4+ Ke8 28. Qxh7 Rxe5 29. Qxg7 Rf5 30. Bd3 1-0

[Event "Eastern Ontario op"]
[Site "Ottawa CAN"]
[Date "2017.06.24"]
[Round "3"]
[White "Profit, Brian"]
[Black "Yang, Fan"]
[Result "1/2-1/2"]
[WhiteElo "2024"]
[BlackElo "1966"]
[WhiteFideId "-1"]
[WhiteFideId "-1"]
[PlyCount "56"]
[GameId "2160767908410949"]
[EventDate "2017.06.23"]
[EventType "swiss"]
[EventRounds "5"]
[EventCountry "CAN"]
[SourceTitle "EXT 2022"]
[Source "ChessBase"]
[SourceDate "2021.10.06"]
[SourceVersion "1"]
[SourceVersionDate "2021.10.06"]
[SourceQuality "1"]

1. d4 d5 2. c4 c6 3. Nf3 Nf6 4. Qb3 e6 5. g3 Bd6 6. Bg2 O-O 7. O-O Nbd7 8. Nc3 b6 9. Nd2 Qc7 10. e4 dxe4 11. Ndxe4 Be7 12. Bf4 e5 13. dxe5 Nxe5 14. Nxf6+ Bxf6 15. Nb5 Qe7 16. Bxe5 Qxe5 17. Bxc6 Rb8 18. Nxa7 Bh3 19. Bg2 Bxg2 20. Kxg2 Qxb2 21. Qxb2 Bxb2 22. Rab1 Bf6 23. Nb5 Rfc8 24. Rfc1 Ra8 25. a3 g6 26. Kf3 Ra4 27. Rb4 Rxb4 28. axb4 Be7 1/2-1/2

[Event "Eastern Ontario op"]
[Site "Ottawa CAN"]
[Date "2017.06.24"]
[Round "4"]
[White "Gordon, David"]
[Black "Pacey, Kevin"]
[Result "1-0"]
[WhiteElo "2315"]
[BlackElo "2161"]
[WhiteFideId "-1"]
[WhiteFideId "-1"]
[PlyCount "119"]
[GameId "2160767908410950"]
[EventDate "2017.06.23"]
[EventType "swiss"]
[EventRounds "5"]
[EventCountry "CAN"]
[SourceTitle "EXT 2022"]
[Source "ChessBase"]
[SourceDate "2021.10.06"]
[SourceVersion "1"]
[SourceVersionDate "2021.10.06"]
[SourceQuality "1"]

1. d4 e6 2. Nf3 c5 3. e3 Nf6 4. c4 d5 5. cxd5 exd5 6. Nc3 Nc6 7. Be2 Bd6 8. dxc5 Bxc5 9. O-O O-O 10. a3 Be6 11. b4 Bd6 12. Bb2 Rc8 13. Rc1 Bb8 14. Nb5 Qe7 15. Nbd4 Ne5 16. Nxe5 Bxe5 17. Qd3 Rxc1 18. Rxc1 Rc8 19. Rxc8+ Bxc8 20. Qc2 Bd7 21. Nf3 Bd6 22. Bd4 a6 23. Qb2 Ne8 24. Be5 Bg4 25. Bxd6 Qxd6 26. h3 Bxf3 27. Bxf3 Nc7 28. Qd4 Qc6 29. Kh2 Nb5 30. Qxd5 Qxd5 31. Bxd5 Nxa3 32. Bxb7 Nc2 33. Bxa6 Nxb4 34. Bb7 Nd3 35. Kg3 h6 36. Bd5 Kf8 37. Kf3 Ke7 38. Ke2 Ne5 39. f4 Nd7 40. Kf3 Nc5 41. h4 Nd7 42. g4 f6 43. Ke4 Nc5+ 44. Kf5 Nd7 45. Kg6 Kf8 46. e4 Nb6 47. Be6 Na4 48. e5 fxe5 49. fxe5 Nc3 50. Bc4 Ne4 51. Bd5 Nf2 52. Kf5 Ke7 53. Bc4 Nd1 54. Ke4 Nc3+ 55. Kd4 Nd1 56. Be2 Nf2 57. Ke3 Nh3 58. Bf1 Ng1 59. Kf2 h5 60. g5 1-0

[Event "Eastern Ontario op"]
[Site "Ottawa CAN"]
[Date "2017.06.24"]
[Round "4"]
[White "Peterson, Curtis"]
[Black "Sadeghi, Saeid"]
[Result "0-1"]
[WhiteElo "1975"]
[BlackElo "2098"]
[WhiteFideId "-1"]
[WhiteFideId "-1"]
[PlyCount "138"]
[GameId "2160767908410951"]
[EventDate "2017.06.23"]
[EventType "swiss"]
[EventRounds "5"]
[EventCountry "CAN"]
[SourceTitle "EXT 2022"]
[Source "ChessBase"]
[SourceDate "2021.10.06"]
[SourceVersion "1"]
[SourceVersionDate "2021.10.06"]
[SourceQuality "1"]

1. e4 c6 2. d4 d5 3. e5 c5 4. Nf3 Nc6 5. dxc5 e6 6. Be3 Nge7 7. Bd3 Ng6 8. Bxg6 hxg6 9. O-O Qc7 10. b4 Nxb4 11. Nc3 Bd7 12. Rb1 Na6 13. Re1 Nxc5 14. Bg5 a6 15. Nd4 Rh5 16. h4 Be7 17. Nf5 Rxg5 18. Nd6+ Bxd6 19. exd6 Rxg2+ 20. Kxg2 Qxd6 21. Qd4 Kf8 22. Re3 f6 23. f4 Kf7 24. Rh1 Rh8 25. Ne2 Qe7 26. Ng3 Ne4 27. h5 Rh6 28. Qd1 Nxg3 29. Rxg3 Ke8 30. hxg6 Rxh1 31. Kxh1 Bc6 32. Rh3 d4+ 33. Kg1 Qc5 34. Rh8+ Ke7 35. Kh2 Qf5 36. Qd2 Qxg6 37. Qb4+ Kd7 38. Qxd4+ Bd5 39. Qd2 Qe4 40. Rh3 Qh1+ 41. Kg3 Qg1+ 42. Kh4 g5+ 43. fxg5 fxg5+ 44. Kh5 g4 45. Rb3 Kc7 46. Qf4+ Kc6 47. Rc3+ Kb6 48. a4 Qh1+ 49. Kg5 Qg1 50. Qd6+ Ka7 51. Qc5+ Qxc5 52. Rxc5 g3 53. Rc3 g2 54. Rg3 b5 55. a5 Kb7 56. Kf4 b4 57. Ke5 Kc6 58. Kd4 Kb5 59. Rg5 Kxa5 60. Kc5 Ka4 61. Rg4 a5 62. c3 Ka3 63. cxb4 axb4 64. Kd4 b3 65. Kc3 Ka2 66. Ra4+ Kb1 67. Rg4 Kc1 68. Ra4 b2 69. Rb4 g1=Q 0-1

[Event "Eastern Ontario op"]
[Site "Ottawa CAN"]
[Date "2017.06.24"]
[Round "4"]
[White "Valdizon, Armando"]
[Black "Profit, Brian"]
[Result "1/2-1/2"]
[WhiteElo "2102"]
[BlackElo "2024"]
[WhiteFideId "-1"]
[WhiteFideId "-1"]
[PlyCount "60"]
[GameId "2160767908410952"]
[EventDate "2017.06.23"]
[EventType "swiss"]
[EventRounds "5"]
[EventCountry "CAN"]
[SourceTitle "EXT 2022"]
[Source "ChessBase"]
[SourceDate "2021.10.06"]
[SourceVersion "1"]
[SourceVersionDate "2021.10.06"]
[SourceQuality "1"]

1. d4 Nf6 2. c4 g6 3. Nc3 d5 4. Nf3 Bg7 5. Qb3 dxc4 6. Qxc4 O-O 7. Bf4 Na6 8. Rd1 c5 9. d5 Qa5 10. e4 Bg4 11. Be2 Nd7 12. O-O Qb4 13. Rd2 Qxc4 14. Bxc4 Bxf3 15. gxf3 Ne5 16. Be2 f5 17. Bg5 Rae8 18. f4 Nf7 19. Bb5 Nxg5 20. fxg5 Rd8 21. Re1 Bxc3 22. bxc3 Nc7 23. Bd3 fxe4 24. Rxe4 Rfe8 25. c4 e6 26. Bf1 exd5 27. Rxe8+ Nxe8 28. cxd5 Nd6 29. Bh3 Ne4 30. Be6+ Kg7 1/2-1/2

[Event "Eastern Ontario op"]
[Site "Ottawa CAN"]
[Date "2017.06.24"]
[Round "4"]
[White "Yang, Fan"]
[Black "Yao, Sammy"]
[Result "1-0"]
[WhiteElo "1966"]
[BlackElo "2083"]
[WhiteFideId "-1"]
[WhiteFideId "-1"]
[PlyCount "61"]
[GameId "2160767908410953"]
[EventDate "2017.06.23"]
[EventType "swiss"]
[EventRounds "5"]
[EventCountry "CAN"]
[SourceTitle "EXT 2022"]
[Source "ChessBase"]
[SourceDate "2021.10.06"]
[SourceVersion "1"]
[SourceVersionDate "2021.10.06"]
[SourceQuality "1"]

1. e4 d6 2. d4 g6 3. Nf3 Bg7 4. Nc3 a6 5. Be2 b5 6. a3 Bb7 7. O-O Nd7 8. Re1 e6 9. Bf4 Ne7 10. Qd2 O-O 11. Rad1 d5 12. exd5 Nxd5 13. Nxd5 Bxd5 14. Bh6 Nf6 15. Bxg7 Kxg7 16. Ne5 Nd7 17. Bf3 Nxe5 18. Bxd5 Qxd5 19. Rxe5 Qd6 20. Qc3 Ra7 21. d5 Kg8 22. Rd3 exd5 23. Rexd5 Qb6 24. Rd8 Ra8 25. R8d7 Rac8 26. h4 h5 27. Qe5 Qc6 28. c3 Qc4 29. Rg3 Kh7 30. Qf6 Qa2 31. Qxg6+ 1-0

[Event "Eastern Ontario op"]
[Site "Ottawa CAN"]
[Date "2017.06.25"]
[Round "5"]
[White "Mahdjoubi, Abdelaziz"]
[Black "Demchenko, Svitlana"]
[Result "1/2-1/2"]
[WhiteElo "1950"]
[BlackElo "2219"]
[WhiteFideId "-1"]
[WhiteFideId "-1"]
[PlyCount "141"]
[GameId "2160767908410954"]
[EventDate "2017.06.23"]
[EventType "swiss"]
[EventRounds "5"]
[EventCountry "CAN"]
[SourceTitle "EXT 2022"]
[Source "ChessBase"]
[SourceDate "2021.10.06"]
[SourceVersion "1"]
[SourceVersionDate "2021.10.06"]
[SourceQuality "1"]

1. e4 g6 2. d4 Bg7 3. Nf3 d6 4. c4 Nf6 5. Nc3 O-O 6. h3 Nbd7 7. Bd3 e5 8. d5 Nc5 9. Bc2 a5 10. Bg5 h6 11. Be3 Ne8 12. Qd2 Kh7 13. h4 f5 14. exf5 gxf5 15. g4 Kg8 16. Bxh6 fxg4 17. Bxg7 Nxg7 18. Ng5 Bf5 19. O-O-O Qf6 20. Rdg1 Bxc2 21. Qxc2 Qf5 22. Nce4 Nxe4 23. Qxe4 Qxe4 24. Nxe4 Rf4 25. Rxg4 Rxg4 26. Nf6+ Kf7 27. Nxg4 Rh8 28. Kc2 Rh5 29. Ne3 Nf5 30. Nxf5 Rxf5 31. Rh2 Kg6 32. Kd2 Rf4 33. b3 Kh5 34. Ke3 a4 35. Rh3 axb3 36. axb3 b5 37. Kd3 bxc4+ 38. bxc4 Rxh4 39. Rg3 Rd4+ 40. Kc3 Rg4 41. Re3 Rf4 42. Rh3+ Kg6 43. f3 Rf8 44. Kb4 Rb8+ 45. Kc3 Rb1 46. Kc2 Rf1 47. Kc3 Rc1+ 48. Kb4 Rb1+ 49. Kc3 Rb8 50. Rg3+ Kf6 51. Rh3 Rg8 52. Kb4 Rg7 53. Kb5 Kf5 54. Kc6 Kf4 55. Kb7 Rf7 56. Kc6 Ke3 57. Rh1 Kd4 58. Rc1 Rxf3 59. Kxc7 Rf6 60. c5 dxc5 61. d6 c4 62. d7 Rf8 63. d8=Q+ Rxd8 64. Rd1+ Kc3 65. Rxd8 e4 66. Kc6 e3 67. Kc5 e2 68. Re8 Kd3 69. Rd8+ Kc2 70. Re8 Kd3 71. Rxe2 1/2-1/2

[Event "Eastern Ontario op"]
[Site "Ottawa CAN"]
[Date "2017.06.25"]
[Round "5"]
[White "Profit, Brian"]
[Black "Pacey, Kevin"]
[Result "1/2-1/2"]
[WhiteElo "2024"]
[BlackElo "2161"]
[WhiteFideId "-1"]
[WhiteFideId "-1"]
[PlyCount "112"]
[GameId "2160767908410955"]
[EventDate "2017.06.23"]
[EventType "swiss"]
[EventRounds "5"]
[EventCountry "CAN"]
[SourceTitle "EXT 2022"]
[Source "ChessBase"]
[SourceDate "2021.10.06"]
[SourceVersion "1"]
[SourceVersionDate "2021.10.06"]
[SourceQuality "1"]

1. d4 e6 2. c4 Nf6 3. Nc3 Bb4 4. Qc2 d5 5. cxd5 Qxd5 6. Nf3 Qf5 7. Qxf5 exf5 8. Bf4 Be6 9. a3 Ba5 10. Rc1 Nd5 11. Bd2 Nxc3 12. Bxc3 Bxc3+ 13. Rxc3 Nc6 14. e3 O-O-O 15. g3 Bd5 16. Bg2 Rhe8 17. O-O f6 18. Nh4 Ne7 19. Rfc1 Rd7 20. Bxd5 Nxd5 21. Rc5 g6 22. Kg2 Re6 23. Kf3 Rb6 24. R1c2 Rb3 25. Ke2 Kb8 26. Nf3 Rb6 27. Nh4 Ne7 28. Kf3 Nc8 29. Ng2 Nd6 30. Nf4 Ne4 31. Rd5 Rbd6 32. Rxd6 Rxd6 33. Nd3 b6 34. h4 c5 35. g4 cxd4 36. gxf5 gxf5 37. exd4 Rxd4 38. Nb4 Kb7 39. Ke3 Rd7 40. Kf4 a5 41. Kxf5 Nc5 42. Na2 Rd4 43. Kxf6 Rxh4 44. Nc3 Rh2 45. Re2 Kc6 46. b4 axb4 47. axb4 Nd3 48. Re6+ Kd7 49. Re7+ Kd8 50. Rb7 Nxb4 51. Na4 Rxf2+ 52. Kg7 h5 53. Rxb6 Rf4 54. Kg6 h4 55. Kg5 Rd4 56. Rh6 Kc7 1/2-1/2

[Event "Eastern Ontario op"]
[Site "Ottawa CAN"]
[Date "2017.06.25"]
[Round "5"]
[White "Sadeghi, Saeid"]
[Black "Gordon, David"]
[Result "0-1"]
[WhiteElo "2098"]
[BlackElo "2315"]
[WhiteFideId "-1"]
[WhiteFideId "-1"]
[PlyCount "42"]
[GameId "2160767908410956"]
[EventDate "2017.06.23"]
[EventType "swiss"]
[EventRounds "5"]
[EventCountry "CAN"]
[SourceTitle "EXT 2022"]
[Source "ChessBase"]
[SourceDate "2021.10.06"]
[SourceVersion "1"]
[SourceVersionDate "2021.10.06"]
[SourceQuality "1"]

1. d4 Nf6 2. c4 c5 3. d5 e6 4. Nc3 exd5 5. cxd5 d6 6. Nf3 g6 7. h3 Bg7 8. Bf4 O-O 9. e4 Re8 10. Bb5 Bd7 11. Bd3 Nxe4 12. Nxe4 f5 13. Nfd2 fxe4 14. Nxe4 Bf5 15. Qc2 Na6 16. f3 Nb4 17. Qd2 Bxb2 18. Rb1 Bd4 19. Kf1 Nxd3 20. Qxd3 Bxe4 21. fxe4 Rf8 0-1

[Event "Eastern Ontario op"]
[Site "Ottawa CAN"]
[Date "2017.06.25"]
[Round "5"]
[White "Yang, Fan"]
[Black "Valdizon, Armando"]
[Result "0-1"]
[WhiteElo "1966"]
[BlackElo "2102"]
[WhiteFideId "-1"]
[WhiteFideId "-1"]
[PlyCount "192"]
[GameId "2160767908410957"]
[EventDate "2017.06.23"]
[EventType "swiss"]
[EventRounds "5"]
[EventCountry "CAN"]
[SourceTitle "EXT 2022"]
[Source "ChessBase"]
[SourceDate "2021.10.06"]
[SourceVersion "1"]
[SourceVersionDate "2021.10.06"]
[SourceQuality "1"]

1. e4 c5 2. Nf3 d6 3. d4 cxd4 4. Nxd4 Nf6 5. Nc3 a6 6. Be3 e5 7. Nb3 Be7 8. Be2 O-O 9. O-O Be6 10. Kh1 Nbd7 11. f4 exf4 12. Bxf4 Ne5 13. Nd4 Rc8 14. Nxe6 fxe6 15. Bxe5 dxe5 16. Qxd8 Rfxd8 17. Bd3 Bc5 18. h3 Kf7 19. Ne2 Ke7 20. Rad1 Rc7 21. a3 Rcd7 22. Nc3 Bd4 23. Rb1 Bxc3 24. bxc3 Rc7 25. Rb4 Nd7 26. c4 Nc5 27. Rf3 Rd4 28. Re3 Kd8 29. a4 Rcd7 30. Rb6 Kc7 31. a5 Rf7 32. Kg1 Rd6 33. Rxd6 Kxd6 34. g3 Nd7 35. Be2 Nb8 36. Ra3 Kc5 37. c3 Nc6 38. Kg2 Ne7 39. Bg4 Kd6 40. Rb3 Nc6 41. Ra3 Rf6 42. Be2 Kc5 43. Ra1 Rf7 44. Bg4 Re7 45. Be2 Rc7 46. Kf3 Na7 47. Rb1 Nc8 48. Ke3 Nd6 49. Rb4 Rf7 50. Bd3 Nc8 51. Ra4 Rc7 52. Be2 Kd6 53. Ra1 Na7 54. Rd1+ Ke7 55. Rb1 Kd8 56. Rd1+ Rd7 57. Ra1 Kc7 58. Bg4 Rd6 59. Be2 Rc6 60. Rf1 Kd6 61. Rd1+ Kc7 62. Rf1 Rd6 63. Rf7+ Rd7 64. Rf1 Nc6 65. Ra1 Rd6 66. Bg4 Nd8 67. h4 Rc6 68. Kd3 Kd6 69. h5 Rc5 70. h6 g6 71. Rf1 Ke7 72. Ra1 Nc6 73. Rb1 Nxa5 74. Rb6 Rc6 75. Rxc6 Nxc6 76. c5 Nd8 77. Kc4 Nf7 78. Bf3 Kd7 79. Kb4 Nxh6 80. Be2 Nf7 81. Bd3 Ng5 82. Ka5 Kc7 83. Ka4 h5 84. Ka5 Nf7 85. Bc4 Nd8 86. Be2 Nc6+ 87. Ka4 Kd7 88. Kb3 Ke7 89. Kc2 Kf6 90. Kd2 Nb8 91. Ke3 Ke7 92. Kd3 Kd7 93. Kc4 Nc6 94. Bf3 Ne7 95. Kb4 Ng8 96. Be2 Nf6 0-1